书目信息 |
| 题名: |
2018考研英语复习指导
|
|
| 作者: | 朱泰祺 编著 | |
| 分册: | ||
| 出版信息: | 北京 北京航空航天大学出版社 2017.01 |
|
| 页数: | 505页 | |
| 开本: | 26cm | |
| 丛书名: | 朱泰祺考研英语书系 | |
| 单 册: | ||
| 中图分类: | H310.421 , H31 | |
| 科图分类: | ||
| 主题词: | 英语--硕士生入学考试--自学参考资料 | |
| 电子资源: | ||
| ISBN: | 978-7-5124-1573-7 | |
| 000 | 00831oam2 2200253 450 | |
| 001 | 1220 | |
| 005 | 20180927155326.82 | |
| 010 | @a978-7-5124-1573-7@dCNY53.80 | |
| 100 | @a20171018d2017 em y0chiy50 ea | |
| 101 | 0 | @achi@aeng |
| 102 | @aCN@b110000 | |
| 105 | @aa z 000yy | |
| 200 | 1 | @a2018考研英语复习指导@92018 kao yan ying yu fu xi zhi dao@f朱泰祺编著 |
| 210 | @a北京@c北京航空航天大学出版社@d2017.01 | |
| 215 | @a505页@c图@d26cm | |
| 225 | 1 | @a朱泰祺考研英语书系 |
| 330 | @a本书按考试试题的五个项目编写成五章,每章包括概说、应试准备和应试方法以及2003-2016年真题精解等内容。 | |
| 461 | 0 | @12001 @a朱泰祺考研英语书系 |
| 606 | 0 | @a英语@x硕士生入学考试@j自学参考资料 |
| 690 | @aH310.421@v5 | |
| 690 | @aH31@v4 | |
| 701 | 0 | @a朱泰祺@9zhu tai qi@4编著 |
| 801 | 0 | @aCN@b91MARC@c20171018 |
| 905 | @aMuseLib@dH31@e1692 | |
| 2018考研英语复习指导/朱泰祺编著.-北京:北京航空航天大学出版社,2017.01 |
| 505页:图;26cm.-(朱泰祺考研英语书系) |
| ISBN 978-7-5124-1573-7:CNY53.80 |
| 本书按考试试题的五个项目编写成五章,每章包括概说、应试准备和应试方法以及2003-2016年真题精解等内容。 |
| ● |
| 相关链接 |
|
|
|
|
正题名:2018考研英语复习指导
索取号:H31/1692
 
预约/预借
| 序号 | 登录号 | 条形码 | 馆藏地/架位号 | 状态 | 备注 |
| 1 | 1121754 | 211217547 | 第二样本阅览室/ [索取号:H31/1692] | 在馆 | |
| 2 | 1121755 | 211217556 | 第四借阅区/ [索取号:H31/1692] | 在馆 | |
| 3 | 1121756 | 211217565 | 第四借阅区/ [索取号:H31/1692] | 在馆 | |
| 4 | 1121757 | 211217574 | 第四借阅区/ [索取号:H31/1692] | 在馆 | |
| 5 | 1121758 | 211217583 | 第四借阅区/ [索取号:H31/1692] | 在馆 |